000
00310nam a22001337a 4500
003
SGT
082
_a
616.01
_b
D21K
100
_a
KUMAR, ASHISH
245
_a
DIABETES MELLITUS IN COVID 19 PATIENTS
260
_a
SGT UNIVERSITY
_b
SGT UNIVERSITY
_c
2021
300
_a
52
650
_a
MMLT THESIS
942
_2
ddc
_c
TH
999
_c
26389
_d
26389